Dsp Processor Fundamentals (Record no. 300275)

MARC details
000 -LEADER
fixed length control field 00455nam a2200157Ia 4500
008 - FIXED-LENGTH DATA ELEMENTS--GENERAL INFORMATION
fixed length control field 230718s9999 xx 000 0 und d
041 ## - LANGUAGE CODE
Language code of text/sound track or separate title eng
082 ## - DEWEY DECIMAL CLASSIFICATION NUMBER
Classification number 621.382'2
Item number LAP
100 ## - MAIN ENTRY--PERSONAL NAME
Personal name Lapsley P.
245 ## - TITLE STATEMENT
Title Dsp Processor Fundamentals
Remainder of title Architecture And Features
260 ## - PUBLICATION, DISTRIBUTION, ETC. (IMPRINT)
Date of publication, distribution, etc. 2000
Name of publisher, distributor, etc. S. Chand & Company
300 ## - PHYSICAL DESCRIPTION
Extent 210
365 ## - TRADE PRICE
Currency code Rs.
Price amount 300.00
700 ## - ADDED ENTRY--PERSONAL NAME
Personal name Lapsley P.; Bier J.; Shoham A. & Lee E.A.
9 (RLIN) 186773
906 ## - LOCAL DATA ELEMENT F, LDF (RLIN)
d B:3811-Apr-2000
c ETC
b 48
Holdings
Withdrawn status Lost status Damaged status Not for loan Home library Current library Date acquired Vendor Budget Code Cost, normal purchase price Bill number Total Checkouts Full call number Barcode Date last seen Discount Cost, replacement price Bill Date Koha item type Original Barcode
        Cummins College of Engineering for Women Pune Cummins College of Engineering for Women Pune 12/04/2000 Tech ETC 252.00 38   621.382'2 CCEP-BK-11481 18/07/2023 48 300.00 11/04/2000 Books 011481